So Much Fun - Young Thug - Statistics

General Stats
  • This quiz has been taken 38 times
  • The average score is 11 of 19
Answer Stats
Songs Plays Artists % Correct
Hot 438,409,806 Young Thug, Gunna
93%
The London 820,743,567 Young Thug, Travis Scott, J. Cole
93%
Surf 78,200,168 Young Thug, Gunna
89%
Bad Bad Bad 413,321,401 Young Thug, Lil Baby
82%
Mannequin Challenge 82,420,818 Young Thug, Juice WRLD
79%
Ecstasy 32,211,626 Young Thug, mgk
71%
Circle Of Bosses 31,490,100 Young Thug, Quavo
61%
Lil Baby 36,594,403 Young Thug
61%
Sup Mate 65,171,629 Young Thug, Future
61%
Cartier Gucci Scarf 17,117,911 Young Thug, Lil Duke
57%
Just How It Is 48,505,710 Young Thug
54%
Pussy 13,467,022 Young Thug
50%
What's the Move 73,843,987 Young Thug, Lil Uzi Vert
50%
Big Tipper 27,876,559 Young Thug, Lil Keed
46%
I'm Scared 30,039,104 Young Thug, 21 Savage, Due Boy
46%
Boy Back 23,745,066 Young Thug, NAV
39%
Light It Up 40,695,510 Young Thug
39%
I Bought Her 17,647,973 Young Thug, Lil Duke
36%
Jumped Out The Window 24,030,490 Young Thug
25%
No matching quizzes found
Score Distribution
Percent of People with Each Score
Percentile by Number Answered
Your Score History
You have not taken this quiz